| 000 | 00348nam a2200133Ia 4500 | ||
|---|---|---|---|
| 008 | 220204s9999 xx 000 0 und d | ||
| 020 | _a0120007940 | ||
| 082 |
_a631/635 _bADV.76 |
||
| 100 | _aSparks, Donald L | ||
| 245 | 0 | _aAdvances in agronomy V.76 | |
| 260 |
_aSan Diego _bAcademic Press _c2002 |
||
| 650 | _aCrop stimulation model | ||
| 942 | _cBK | ||
| 999 |
_c41923 _d41923 |
||